Statistics for Houston Rockets All-Time Scoring Leaders

Click here to take the quiz!

General Stats

  • This quiz has been taken 37 times
  • The average score is 10 of 20

Answer Stats

PointsPlayer% Correct
26511Hakeem Olajuwon
100%
17928James Harden
100%
9247Yao Ming
97%
5910Kenny Smith
84%
6888Tracy McGrady
78%
7281Steve Francis
72%
1119Moses Malone
63%
8177Otis Thorpe
63%
5995Ralph Sampson
59%
13383Rudy Tomjanovich
59%
17949Calvin Murphy
53%
11762Elvin Hayes
41%
6002Vernon Maxwell
38%
7448Cuttino Mobley
34%
8823Robert Reid
31%
6684Allen Leavell
22%
8480Mike Newlin
16%
5030Sleepy Floyd
16%
5059Rodney McCray
13%
5597Luis Scole
0%

Score Distribution

Percentile by Number Answered

Percent of People with Each Score

Your Score History

You have not taken this quiz